[Event "Open Parla 2008"]
[Site "Parla ESP"]
[Date "2008.09.11"]
[Round "6.26"]
[White "Anton Guijarro, David"]
[Black "Nieto de la Cruz, Julio"]
[Result "1-0"]
[WhiteElo "2055"]
[BlackElo "1888"]
[PlyCount "119"]
[EventDate "2008.09.06"]
[EventType "swiss"]
[EventRounds "9"]
[EventCountry "AUT"]
[Source "lmi"]
[SourceDate "2008.09.06"]

1. d4 Nf6 2. c4 c5 3. d5 b5 4. cxb5 a6 5. b6 Qxb6 6. Nc3 g6 7. e4 d6 8. Be2 Bg7
9. Nf3 Nbd7 10. O-O O-O 11. Nd2 Qc7 12. a4 Rb8 13. Nc4 Nb6 14. Ne3 Nbd7 15. a5
Rb4 16. Nc4 Ne5 17. Nxe5 dxe5 18. Qc2 Rd8 19. b3 e6 20. Bg5 h6 21. Bxf6 Bxf6
22. Bc4 Kg7 23. Qe2 Rd6 24. Rfd1 Bg5 25. g3 Be7 26. h4 Qb8 27. h5 g5 28. Na2
Rb7 29. Bxa6 Rxb3 30. Bxc8 Qxc8 31. Nc1 Rb8 32. Nd3 Bf6 33. Rdc1 c4 34. Ne1
exd5 35. exd5 Rxd5 36. Rxc4 Rc5 37. Rxc5 Qxc5 38. Ng2 Qb5 39. Qxb5 Rxb5 40. a6
Rb8 41. Ne3 Bd8 42. a7 Ra8 43. Ra6 e4 44. Nf5+ Kh8 45. Rxh6+ Kg8 46. Ra6 f6 47.
Kf1 Kh7 48. Ke2 Kh8 49. Ke3 Rxa7 50. Rc6 Kh7 51. Kxe4 Ra4+ 52. Kf3 Ra5 53. Ne3
Kh6 54. Rd6 Ra8 55. Rd7 Kxh5 56. g4+ Kg6 57. Nf5 Ra3+ 58. Kg2 Be7 59. Rxe7 Rg3+
60. Nxg3 1-0

[Event "Open Parla 2008"]
[Site "Parla ESP"]
[Date "2008.09.11"]
[Round "6.28"]
[White "Perez Gonzalez, Jose Manuel"]
[Black "Sanchez-Alarcos Galian, Victor"]
[Result "1-0"]
[WhiteElo "2255"]
[BlackElo "2026"]
[PlyCount "109"]
[EventDate "2008.09.06"]
[EventType "swiss"]
[EventRounds "9"]
[EventCountry "AUT"]
[Source "lmi"]
[SourceDate "2008.09.06"]

1. e4 c6 2. d4 d5 3. e5 Bf5 4. Nc3 a6 5. Nf3 e6 6. Be2 Nd7 7. O-O Ne7 8. Be3
Qc7 9. Nh4 Bg6 10. f4 c5 11. Kh1 cxd4 12. Bxd4 O-O-O 13. Bg1 Be4 14. Nf3 Bxf3
15. Rxf3 Nc6 16. a3 Bc5 17. Bxc5 Nxc5 18. b4 Ne4 19. Qd3 Nxc3 20. Qxc3 Qb6 21.
b5 axb5 22. Rb1 Qd4 23. Qe1 Qe4 24. Qf1 Rd7 25. Bd3 Qd4 26. Bxb5 Rc7 27. Rfb3
Qc5 28. Bd3 Rd8 29. h3 h5 30. a4 Nd4 31. R3b2 Qa5 32. Qf2 Nc6 33. Bb5 Ne7 34.
Bd3 Qxa4 35. Qf1 Qd4 36. Rb4 Qc5 37. Rb5 Qe3 38. R1b3 Qd4 39. R5b4 Qc5 40. Qa1
Nc6 41. Rb5 Qa7 42. Ra3 Qf2 43. Ra8+ Kd7 44. Rxd8+ Nxd8 45. Rb4 Nc6 46. Ra4 Qc5
47. Ra8 Rc8 48. Rxc8 Kxc8 49. Qa8+ Nb8 50. Qa4 Kd8 51. f5 Qc3 52. Qh4+ Kd7 53.
Qg3 Nc6 54. fxe6+ Kxe6 55. Bf5+ 1-0

[Event "Open Parla 2008"]
[Site "Parla ESP"]
[Date "2008.09.11"]
[Round "6.30"]
[White "Lopez Heras, Arturo"]
[Black "Molina Rodriguez, Jorge Luis"]
[Result "0-1"]
[WhiteElo "1997"]
[BlackElo "2105"]
[PlyCount "84"]
[EventDate "2008.09.06"]
[EventType "swiss"]
[EventRounds "9"]
[EventCountry "AUT"]
[Source "lmi"]
[SourceDate "2008.09.06"]

1. e4 c6 2. d4 d5 3. e5 c5 4. c3 Nc6 5. Nf3 Bg4 6. Be2 e6 7. O-O Qb6 8. Nbd2
cxd4 9. cxd4 Nge7 10. Qb3 Nf5 11. Bb5 Rc8 12. h3 Bxf3 13. Nxf3 a6 14. Bxc6+
Rxc6 15. Qxb6 Rxb6 16. a3 Be7 17. g4 Nh4 18. Nxh4 Bxh4 19. Be3 Be7 20. b4 Kd7
21. Rfc1 Rc8 22. Rxc8 Kxc8 23. Rc1+ Kd7 24. Kf1 Rc6 25. Ke2 Rxc1 26. Bxc1 Kc6
27. Kd3 Kb5 28. Kc3 Ka4 29. Kc2 a5 30. bxa5 Bxa3 31. Bg5 Bb4 32. Bd8 Bxa5 33.
Bxa5 Kxa5 34. Kb3 g5 35. Ka3 Kb5 36. Kb3 h6 37. f3 b6 38. Kc3 Ka4 39. f4 b5 40.
f5 b4+ 41. Kb2 b3 42. fxe6 fxe6 0-1

[Event "Open Parla 2008"]
[Site "Parla ESP"]
[Date "2008.09.11"]
[Round "6.31"]
[White "Quintero Torres, Pedro"]
[Black "Escobar Pena, Rafael"]
[Result "0-1"]
[WhiteElo "2095"]
[BlackElo "1962"]
[PlyCount "114"]
[EventDate "2008.09.06"]
[EventType "swiss"]
[EventRounds "9"]
[EventCountry "AUT"]
[Source "lmi"]
[SourceDate "2008.09.06"]

1. e4 c5 2. Nf3 Nc6 3. Bb5 e6 4. O-O Nge7 5. c3 a6 6. Ba4 b5 7. Bc2 c4 8. d4
cxd3 9. Bxd3 Qc7 10. Re1 Ng6 11. Nbd2 Nge5 12. Nxe5 Nxe5 13. Nf3 Nxd3 14. Qxd3
Bc5 15. Be3 Bb7 16. Rad1 Rd8 17. Bxc5 Qxc5 18. Qd6 Qxd6 19. Rxd6 Ke7 20. Rb6
Rb8 21. Re3 Rhc8 22. Nd2 Rc6 23. Rxc6 dxc6 24. Kf1 Rd8 25. Ke2 c5 26. Nb3 c4
27. Na5 Ba8 28. b3 Rc8 29. Kd2 Kd6 30. e5+ Kc5 31. b4+ Kb6 32. g4 Bg2 33. f4
Bf1 34. Re4 Rd8+ 35. Rd4 Rxd4+ 36. cxd4 Bg2 37. Kc3 h6 38. a4 g5 39. axb5 axb5
40. f5 Bf3 41. h3 Bg2 42. Kd2 Bxh3 43. d5 exf5 44. e6 fxe6 45. dxe6 Kc7 46.
gxf5 Bxf5 47. e7 Bg6 48. Ke3 h5 49. Kd4 h4 50. Ke5 h3 51. Kf6 Be8 52. Kg7 h2
53. Kf8 Bd7 54. e8=Q Bxe8 55. Kxe8 h1=Q 56. Kf7 g4 57. Kg6 g3 0-1

[Event "Open Parla 2008"]
[Site "Parla ESP"]
[Date "2008.09.11"]
[Round "6.32"]
[White "Sanchez Garcia, Manuel"]
[Black "Sanchez Rodriguez, Jaime"]
[Result "0-1"]
[WhiteElo "2062"]
[BlackElo "1963"]
[PlyCount "50"]
[EventDate "2008.09.06"]
[EventType "swiss"]
[EventRounds "9"]
[EventCountry "AUT"]
[Source "lmi"]
[SourceDate "2008.09.06"]

1. c4 f5 2. Nc3 Nf6 3. d4 e6 4. g3 d5 5. Bg2 c6 6. Nh3 Bd6 7. O-O O-O 8. b3 Qe8
9. Bf4 Bxf4 10. Nxf4 Nbd7 11. f3 e5 12. dxe5 Qxe5 13. Qd2 dxc4 14. e4 fxe4 15.
Rfe1 Nc5 16. b4 Nd3 17. Nxd3 Qd4+ 18. Qf2 Qxc3 19. Nc5 Ng4 20. Nxe4 Qxa1 21.
fxg4 Rxf2 22. Rxa1 Rb2 23. a3 Bxg4 24. Nd6 c3 25. Rc1 c2 0-1

[Event "Open Parla 2008"]
[Site "Parla ESP"]
[Date "2008.09.11"]
[Round "6.33"]
[White "Laynez Aspenberg, Jose Miguel"]
[Black "Fuentes Arjona, Antonio"]
[Result "0-1"]
[WhiteElo "1935"]
[BlackElo "2042"]
[PlyCount "88"]
[EventDate "2008.09.06"]
[EventType "swiss"]
[EventRounds "9"]
[EventCountry "AUT"]
[Source "lmi"]
[SourceDate "2008.09.06"]

1. d4 d5 2. c4 e6 3. Nc3 Nf6 4. cxd5 exd5 5. Bg5 Nbd7 6. e3 Be7 7. Qc2 c6 8.
Bd3 h6 9. Bh4 b5 10. Nf3 Bb7 11. O-O O-O 12. Ne5 Nxe5 13. dxe5 Ng4 14. Bxe7
Qxe7 15. Ne2 Qxe5 16. Ng3 a6 17. Rae1 Qf6 18. Bf5 Ne5 19. f4 Nc4 20. Nh5 Qxb2
21. Qd1 g6 22. Qg4 Kh7 23. Bxg6+ fxg6 24. Qd7+ Kg8 25. Qe6+ Kh7 26. Qe7+ Kh8
27. Rb1 Qc3 28. Rb3 Rae8 29. Qxb7 Na5 30. Rxc3 Nxb7 31. Rxc6 gxh5 32. Rxh6+ Kg7
33. Rxh5 Rxe3 34. Rxd5 Re2 35. Rd7+ Rf7 36. Rfd1 Nc5 37. R7d5 Ne4 38. a3 Rxf4
39. R5d4 Rf7 40. a4 Nc3 41. Rc1 Nxa4 42. Rd6 Nc5 43. Rc6 Nd3 44. Rd1 Ne1 0-1

[Event "Open Parla 2008"]
[Site "Parla ESP"]
[Date "2008.09.11"]
[Round "6.34"]
[White "Ruiz Quevedo, Andres"]
[Black "Jurado Rodriguez, Wilfredo"]
[Result "0-1"]
[WhiteElo "1900"]
[BlackElo "2030"]
[PlyCount "116"]
[EventDate "2008.09.06"]
[EventType "swiss"]
[EventRounds "9"]
[EventCountry "AUT"]
[Source "lmi"]
[SourceDate "2008.09.06"]

1. c4 Nf6 2. Nf3 g6 3. Nc3 d5 4. e3 Bg7 5. Be2 O-O 6. O-O c6 7. b3 Nbd7 8. Qc2
Re8 9. Bb2 e5 10. cxd5 Nxd5 11. Nxd5 cxd5 12. Rac1 Qa5 13. Rfd1 Nf8 14. Qb1 Bf5
15. Qa1 f6 16. Rc3 Bd7 17. Rdc1 Ne6 18. R3c2 Bc6 19. Bc3 Qd8 20. Bb4 Qd7 21. h3
Kh8 22. Bf1 d4 23. Ne1 f5 24. Ba3 e4 25. Bb2 d3 26. Bxg7+ Qxg7 27. Qxg7+ Kxg7
28. Rc3 Nc7 29. g3 Nd5 30. Rc4 Rac8 31. Bg2 Nb6 32. Rc5 Bd7 33. f3 Rxc5 34.
Rxc5 Bc6 35. fxe4 fxe4 36. h4 Kf6 37. Bh3 Re5 38. Rxe5 Kxe5 39. Ng2 Nd5 40. a3
a5 41. Kf2 b5 42. Nf4 Nxf4 43. gxf4+ Kd6 44. h5 Bd5 45. b4 axb4 46. hxg6 hxg6
47. axb4 Be6 48. Kg3 Bxh3 49. Kxh3 Kd5 50. Kg4 Kc4 51. f5 gxf5+ 52. Kxf5 Kxb4
53. Kxe4 Kc4 54. Kf5 b4 55. e4 b3 56. e5 b2 57. e6 b1=Q 58. e7 Qe1 0-1

[Event "Open Parla 2008"]
[Site "Parla ESP"]
[Date "2008.09.11"]
[Round "6.35"]
[White "Tsebrovskyy, Roman"]
[Black "Argente Rodriguez, Juan Jose"]
[Result "0-1"]
[WhiteElo "1863"]
[BlackElo "2129"]
[PlyCount "48"]
[EventDate "2008.09.06"]
[EventType "swiss"]
[EventRounds "9"]
[EventCountry "AUT"]
[Source "lmi"]
[SourceDate "2008.09.06"]

1. e4 e5 2. Nf3 Nf6 3. Bc4 Nxe4 4. Nc3 Nxc3 5. dxc3 c6 6. Nxe5 d5 7. O-O Be7 8.
Bd3 Nd7 9. Nxd7 Bxd7 10. Qh5 Be6 11. Re1 Qd7 12. a4 O-O-O 13. b4 Bf6 14. Bd2
Bg4 15. Bf5 Qxf5 16. Qxf5+ Bxf5 17. Rec1 Rhe8 18. Kf1 d4 19. c4 d3 20. c3 Re2
21. Ra2 Be6 22. b5 Bxc4 23. Rb2 Bg5 24. b6 a5 0-1

[Event "Open Parla 2008"]
[Site "Parla ESP"]
[Date "2008.09.11"]
[Round "6.36"]
[White "Martin Rodriguez, Emilio"]
[Black "Diaz Begonte, Manuel"]
[Result "1-0"]
[WhiteElo "2123"]
[BlackElo "1855"]
[PlyCount "31"]
[EventDate "2008.09.06"]
[EventType "swiss"]
[EventRounds "9"]
[EventCountry "AUT"]
[Source "lmi"]
[SourceDate "2008.09.06"]

1. d4 d5 2. c4 c6 3. Nf3 Nf6 4. Nc3 dxc4 5. e4 b5 6. e5 Nd5 7. a4 Nxc3 8. bxc3
Bb7 9. e6 Qd5 10. exf7+ Qxf7 11. Be2 Nd7 12. O-O g6 13. Ng5 Qf6 14. Re1 Bg7 15.
Ne4 Qh4 16. Bf3 1-0

[Event "Open Parla 2008"]
[Site "Parla ESP"]
[Date "2008.09.11"]
[Round "6.37"]
[White "Gomez, Gustavo Pizzocaro"]
[Black "Constantino Blazquez, Christian"]
[Result "1-0"]
[WhiteElo "2076"]
[BlackElo "1848"]
[PlyCount "41"]
[EventDate "2008.09.06"]
[EventType "swiss"]
[EventRounds "9"]
[EventCountry "AUT"]
[Source "lmi"]
[SourceDate "2008.09.06"]

1. d4 d5 2. c4 c6 3. Nf3 Nf6 4. Nc3 dxc4 5. e3 b5 6. a4 Qb6 7. axb5 cxb5 8. b3
Be6 9. bxc4 Bxc4 10. Bxc4 bxc4 11. Ne5 Nbd7 12. O-O Nxe5 13. dxe5 Nd7 14. Qa4
Qc7 15. Rd1 e6 16. Rb1 Rd8 17. Nb5 Qxe5 18. Bb2 Qc5 19. Ba3 Qc8 20. Bd6 Be7 21.
Qa3 1-0

[Event "Open Parla 2008"]
[Site "Parla ESP"]
[Date "2008.09.11"]
[Round "6.38"]
[White "Qasem, Abul"]
[Black "Martinez-Villanueva Pelaez, Guzma"]
[Result "0-1"]
[WhiteElo "2043"]
[BlackElo "1827"]
[PlyCount "78"]
[EventDate "2008.09.06"]
[EventType "swiss"]
[EventRounds "9"]
[EventCountry "AUT"]
[Source "lmi"]
[SourceDate "2008.09.06"]

1. e4 c6 2. d4 d5 3. exd5 cxd5 4. c4 Nf6 5. Nc3 Nc6 6. Nf3 Bg4 7. Be3 e6 8. h3
Bh5 9. Be2 dxc4 10. Qa4 Bd6 11. g4 Bg6 12. Qxc4 O-O 13. O-O a6 14. Rac1 Re8 15.
Rfd1 Na5 16. Qa4 b5 17. Nxb5 axb5 18. Bxb5 Re7 19. Ne5 Rc7 20. b4 Nc4 21. Qb3
Ra3 22. Qxc4 Rxc4 23. Nxc4 Ra8 24. a3 Be4 25. Na5 Nd5 26. Bd2 Qh4 27. Bf1 h5
28. Be1 Nf4 29. Rc3 hxg4 30. Nc4 Nxh3+ 31. Bxh3 gxh3 32. f3 h2+ 33. Kh1 Qf4 34.
Nd2 Bd5 35. Bf2 g5 36. Rd3 g4 37. Rf1 gxf3 38. Bg3 Qxg3 39. Nxf3 Rc8 0-1

[Event "Open Parla 2008"]
[Site "Parla ESP"]
[Date "2008.09.11"]
[Round "6.39"]
[White "Cortes Jurado, Rafael"]
[Black "Martinez Martinez, Antonio"]
[Result "1-0"]
[WhiteElo "2040"]
[BlackElo "1748"]
[PlyCount "37"]
[EventDate "2008.09.06"]
[EventType "swiss"]
[EventRounds "9"]
[EventCountry "AUT"]
[Source "lmi"]
[SourceDate "2008.09.06"]

1. e4 g6 2. d4 d6 3. Nc3 c6 4. Be3 Bg7 5. h3 Qa5 6. Qd2 Nd7 7. Nf3 b5 8. Bd3 e6
9. O-O f6 10. Nxb5 Qxd2 11. Nxd6+ Kd8 12. Bxd2 Ke7 13. Bb4 c5 14. dxc5 Ne5 15.
Nxe5 fxe5 16. c6 Kf6 17. f4 exf4 18. Rxf4+ Ke5 19. Bc3+ 1-0

[Event "Open Parla 2008"]
[Site "Parla ESP"]
[Date "2008.09.11"]
[Round "6.41"]
[White "Vazquez Torres, Adrian"]
[Black "Lopez Garralon, Miguel"]
[Result "1-0"]
[WhiteElo "1981"]
[BlackElo "1693"]
[PlyCount "79"]
[EventDate "2008.09.06"]
[EventType "swiss"]
[EventRounds "9"]
[EventCountry "AUT"]
[Source "lmi"]
[SourceDate "2008.09.06"]

1. e4 e6 2. d4 d5 3. Nc3 dxe4 4. Nxe4 Bd7 5. Nf3 Bc6 6. Bd3 Nd7 7. c4 Ngf6 8.
Nc3 Bxf3 9. Qxf3 c6 10. O-O Be7 11. b3 O-O 12. Bb2 Re8 13. Rad1 Qc7 14. Bb1
Rad8 15. Rfe1 Bd6 16. Qh3 g6 17. Ne4 Nxe4 18. Rxe4 Nf6 19. Rh4 h5 20. Qf3 Ng4
21. h3 Be7 22. hxg4 Bxh4 23. gxh5 Rf8 24. Qe4 Bf6 25. Rd3 Bg7 26. Rg3 Qe7 27.
hxg6 fxg6 28. Qxg6 Rf6 29. Qh7+ Kf8 30. Ba3 Qxa3 31. Qxg7+ Ke8 32. Qxf6 Qc1+
33. Kh2 Kd7 34. Be4 Re8 35. d5 exd5 36. Bf5+ Kc7 37. Qf7+ Kb6 38. Qxe8 Qh6+ 39.
Bh3 d4 40. Qd8+ 1-0

[Event "Open Parla 2008"]
[Site "Parla ESP"]
[Date "2008.09.11"]
[Round "6.43"]
[White "Tolosana Esteban, Enrique"]
[Black "Cavalle Pulla, Daniel"]
[Result "0-1"]
[WhiteElo "1954"]
[BlackElo "1737"]
[PlyCount "90"]
[EventDate "2008.09.06"]
[EventType "swiss"]
[EventRounds "9"]
[EventCountry "AUT"]
[Source "lmi"]
[SourceDate "2008.09.06"]

1. e4 c5 2. Nf3 d6 3. d4 Nf6 4. Nc3 cxd4 5. Nxd4 g6 6. Be2 Bg7 7. Be3 Nc6 8.
Qd2 Bd7 9. O-O-O O-O 10. f3 Rb8 11. Nb3 a6 12. Bh6 b5 13. h4 Na5 14. Bxg7 Kxg7
15. h5 Nc4 16. Qd4 e5 17. Qf2 Nxh5 18. Nd5 Be6 19. g4 Qg5+ 20. Kb1 Nf4 21. Nc7
Nxe2 22. Qxe2 a5 23. Rh2 Rb7 24. Nd5 a4 25. Nc1 Bxd5 26. Rxd5 Rc8 27. Qd3 Qf4
28. Re2 b4 29. b3 Na3+ 30. Kb2 Rbc7 31. Rxd6 Rxc2+ 32. Rxc2 Rxc2+ 33. Qxc2 Nxc2
34. Kxc2 axb3+ 35. axb3 Qxf3 36. Nd3 Qxe4 37. Kd2 Qxg4 38. Rb6 Qg2+ 39. Ke3
Qg1+ 40. Nf2 h5 41. Ke2 Qc1 42. Rxb4 Qc2+ 43. Kf1 Qc3 44. Rb7 e4 45. b4 Qf3 0-1

[Event "Open Parla 2008"]
[Site "Parla ESP"]
[Date "2008.09.11"]
[Round "6.44"]
[White "Ortega Morales, Pedro"]
[Black "Madurga Lopez, Ignacio"]
[Result "1-0"]
[WhiteElo "1932"]
[BlackElo "1666"]
[PlyCount "101"]
[EventDate "2008.09.06"]
[EventType "swiss"]
[EventRounds "9"]
[EventCountry "AUT"]
[Source "lmi"]
[SourceDate "2008.09.06"]

1. d4 Nf6 2. Bf4 d5 3. e3 c6 4. c3 g6 5. Be2 Bg7 6. h3 O-O 7. Nf3 Nbd7 8. Nbd2
Re8 9. O-O h6 10. Bh2 Nh7 11. b4 b6 12. a4 f5 13. Qb3 e6 14. Rac1 Bb7 15. c4 g5
16. Ne5 Rc8 17. Bh5 Nxe5 18. dxe5 Rf8 19. f4 Qe7 20. c5 a5 21. bxa5 bxc5 22.
Qa3 Ra8 23. Qxc5 Qxc5 24. Rxc5 Rfb8 25. Nb3 Bf8 26. Rcc1 Ba6 27. Bd1 Bxf1 28.
Kxf1 Rc8 29. Nc5 Kf7 30. Bg3 Rxa5 31. Nb7 Ra7 32. Nd6+ Bxd6 33. exd6 Nf6 34.
fxg5 hxg5 35. h4 g4 36. Bf4 c5 37. Rb1 c4 38. Rb5 Ne4 39. Be5 Rd7 40. Rb6 Kg6
41. a5 Ra7 42. a6 Nc5 43. Bd4 Nxa6 44. d7 Rxd7 45. Rxe6+ Kh5 46. Rxa6 Kxh4 47.
Bc2 c3 48. Be5 g3 49. Rh6+ Kg5 50. Bf4+ Kg4 51. Bd1# 1-0

[Event "Open Parla 2008"]
[Site "Parla ESP"]
[Date "2008.09.11"]
[Round "6.46"]
[White "Gonzalo Gonzalez, Francisco"]
[Black "Alcazar Mata, Jesus"]
[Result "1-0"]
[WhiteElo "1858"]
[BlackElo "1631"]
[PlyCount "75"]
[EventDate "2008.09.06"]
[EventType "swiss"]
[EventRounds "9"]
[EventCountry "AUT"]
[Source "lmi"]
[SourceDate "2008.09.06"]

1. e4 e5 2. Nf3 Nc6 3. Bc4 Nf6 4. Ng5 d5 5. exd5 Na5 6. Bb5+ c6 7. dxc6 bxc6 8.
Be2 h6 9. Nf3 e4 10. Ne5 Bd6 11. Nc4 Nxc4 12. Bxc4 O-O 13. Nc3 Bf5 14. b3 Bg4
15. Ne2 Be5 16. c3 Nd5 17. Qc2 f5 18. Ng3 Bxg3 19. hxg3 Kh8 20. Bb2 Qg5 21. Bc1
Qf6 22. Bb2 f4 23. Bxd5 cxd5 24. c4 d4 25. gxf4 Qxf4 26. Bxd4 Kg8 27. c5 Qg5
28. Qc4+ Kh7 29. Be3 Qg6 30. Rc1 a5 31. Rh4 Rfe8 32. Rc3 Bc8 33. Qd5 Ba6 34.
Bxh6 gxh6 35. Rch3 Bd3 36. Rxh6+ Qxh6 37. Qf7+ Kh8 38. Rxh6# 1-0

[Event "Open Parla 2008"]
[Site "Parla ESP"]
[Date "2008.09.12"]
[Round "7.1"]
[White "Ortiz Suarez, Isam"]
[Black "Sanchez Gonzalez, Sergio"]
[Result "1-0"]
[WhiteElo "2392"]
[BlackElo "2228"]
[PlyCount "55"]
[EventDate "2008.09.06"]
[EventType "swiss"]
[EventRounds "9"]
[EventCountry "AUT"]
[Source "lmi"]
[SourceDate "2008.09.06"]

1. e4 c5 2. Nf3 d6 3. d4 Nf6 4. Nc3 cxd4 5. Nxd4 e6 6. Be3 a6 7. f3 b5 8. Qd2
Bb7 9. g4 Qa5 10. Nb3 Qc7 11. O-O-O Nc6 12. Kb1 Ne5 13. Nd4 Rb8 14. g5 Nfd7 15.
Bd3 Nc4 16. Bxc4 bxc4 17. h4 Ba8 18. Ka1 Nc5 19. h5 Qb6 20. Rb1 Be7 21. Qe2 O-O
22. Qxc4 Rfc8 23. g6 Bf6 24. gxf7+ Kxf7 25. Rhd1 Qa5 26. b4 d5 27. exd5 Qa3 28.
dxe6+ 1-0

[Event "Open Parla 2008"]
[Site "Parla ESP"]
[Date "2008.09.12"]
[Round "7.2"]
[White "Starostits, Ilmars"]
[Black "Fier, Alexandr"]
[Result "1/2-1/2"]
[WhiteElo "2497"]
[BlackElo "2558"]
[PlyCount "160"]
[EventDate "2008.09.06"]
[EventType "swiss"]
[EventRounds "9"]
[EventCountry "AUT"]
[Source "lmi"]
[SourceDate "2008.09.06"]

1. e4 c5 2. Nf3 d6 3. c3 Nf6 4. Bd3 Nc6 5. O-O Bg4 6. h3 Bh5 7. Bc2 Nd7 8. g4
Bg6 9. d4 cxd4 10. cxd4 e5 11. Nc3 h5 12. Bg5 f6 13. Be3 hxg4 14. hxg4 Nb6 15.
Kg2 Qd7 16. Kg3 exd4 17. Nxd4 Nc4 18. Nd5 Nxe3 19. fxe3 Be7 20. Ne6 Bd8 21.
Nef4 Bf7 22. Rh1 Rg8 23. Rh7 Ne5 24. Rc1 Kf8 25. Bb3 b5 26. Nb4 Nc4 27. Bxc4
bxc4 28. Nbd5 Rc8 29. Qd4 Bb6 30. Nxb6 axb6 31. Qxb6 Qe7 32. Qd4 Qe5 33. Kf3
Rc5 34. Rd1 Ke7 35. Rd2 Qxd4 36. exd4 c3 37. Rc2 cxb2 38. Rxb2 Rc3+ 39. Kf2
Rgc8 40. Rb7+ R3c7 41. Rxc7+ Rxc7 42. Rxg7 Rc2+ 43. Kg3 Rxa2 44. Rh7 Kf8 45.
Nh5 Ra4 46. Nxf6 Rxd4 47. Kf4 Rd1 48. Kg5 Rf1 49. Nh5 Kg8 50. Rh6 Bxh5 51. gxh5
Re1 52. Kf5 Rf1+ 53. Ke6 Re1 54. Rg6+ Kh7 55. Kd5 Rd1+ 56. Kc6 Rd4 57. Re6 Kg7
58. h6+ Kf7 59. Kd7 Ra4 60. Re7+ Kf6 61. Re6+ Kf7 62. Re7+ Kf6 63. h7 Ra7+ 64.
Kxd6 Ra6+ 65. Kd5 Ra5+ 66. Kd4 Ra4+ 67. Ke3 Ra3+ 68. Kf4 Rh3 69. Ra7 Rh4+ 70.
Ke3 Ke5 71. Ra5+ Kf6 72. Kd4 Rxh7 73. Ra6+ Kg5 74. e5 Rh1 75. Kd5 Rb1 76. Ra2
Kg6 77. Rf2 Rb5+ 78. Kd6 Rb6+ 79. Kd7 Ra6 80. Rc2 Kf5 1/2-1/2

[Event "Open Parla 2008"]
[Site "Parla ESP"]
[Date "2008.09.12"]
[Round "7.3"]
[White "Epishin, Vladimir"]
[Black "Mekhitarian, Krikor Sevag"]
[Result "1-0"]
[WhiteElo "2574"]
[BlackElo "2504"]
[PlyCount "89"]
[EventDate "2008.09.06"]
[EventType "swiss"]
[EventRounds "9"]
[EventCountry "AUT"]
[Source "lmi"]
[SourceDate "2008.09.06"]

1. d4 Nf6 2. Nf3 g6 3. g3 Bg7 4. Bg2 O-O 5. O-O d5 6. Nbd2 Nc6 7. c4 dxc4 8.
Nxc4 Be6 9. b3 a5 10. Bb2 Bd5 11. Rc1 e6 12. a3 Re8 13. e3 Bf8 14. Re1 Bg7 15.
Qc2 Be4 16. Qe2 Bd5 17. Red1 Qe7 18. Ncd2 Ne4 19. Rc2 Nxd2 20. Nxd2 Bxg2 21.
Kxg2 Qd7 22. Qf3 Qd5 23. Rdc1 Qxf3+ 24. Kxf3 f5 25. Ke2 Rad8 26. Rc5 Rd5 27. b4
axb4 28. axb4 Rxc5 29. bxc5 Ra8 30. Rb1 e5 31. dxe5 Bxe5 32. Bxe5 Nxe5 33. Rxb7
Ra2 34. Rxc7 Rc2 35. f4 Nc4 36. Kd3 Rxd2+ 37. Kxc4 Rxh2 38. c6 Kf8 39. Rd7 Ke8
40. Rd5 Rc2+ 41. Kb5 Ke7 42. Kb6 Ke6 43. Rc5 Rb2+ 44. Kc7 h5 45. Re5+ 1-0

[Event "Open Parla 2008"]
[Site "Parla ESP"]
[Date "2008.09.12"]
[Round "7.4"]
[White "Vazquez Igarza, Renier"]
[Black "Solaesa Navalpotro, Luis Julio"]
[Result "1-0"]
[WhiteElo "2540"]
[BlackElo "2216"]
[PlyCount "65"]
[EventDate "2008.09.06"]
[EventType "swiss"]
[EventRounds "9"]
[EventCountry "AUT"]
[Source "lmi"]
[SourceDate "2008.09.06"]

1. d4 Nf6 2. c4 c5 3. d5 b5 4. cxb5 a6 5. bxa6 g6 6. Nc3 Bxa6 7. Nf3 d6 8. g3
Bg7 9. Bg2 Nbd7 10. Rb1 O-O 11. O-O Bb7 12. Re1 Ra6 13. e4 Qa8 14. Bf1 Rb6 15.
Nd2 Ba6 16. Nc4 Rb4 17. b3 Ng4 18. Bd2 Nge5 19. a3 Rbb8 20. a4 Bxc4 21. bxc4
Rb4 22. Rxb4 cxb4 23. Na2 Nb6 24. Nxb4 Qxa4 25. c5 dxc5 26. Nc6 Nxc6 27. Qxa4
Nxa4 28. dxc6 Rc8 29. Rb1 Bd4 30. Bh6 Nc3 31. Ba6 Nxb1 32. Bxc8 Nc3 33. Ba6 1-0

[Event "Open Parla 2008"]
[Site "Parla ESP"]
[Date "2008.09.12"]
[Round "7.5"]
[White "Herraiz Hidalgo, Herminio"]
[Black "Serrano Salvador, Eduardo"]
[Result "1/2-1/2"]
[WhiteElo "2507"]
[BlackElo "2341"]
[PlyCount "140"]
[EventDate "2008.09.06"]
[EventType "swiss"]
[EventRounds "9"]
[EventCountry "AUT"]
[Source "lmi"]
[SourceDate "2008.09.06"]

1. d4 d5 2. c4 c6 3. Nf3 Nf6 4. e3 e6 5. Bd3 Nbd7 6. O-O Bd6 7. Nbd2 O-O 8. e4
dxe4 9. Nxe4 Nxe4 10. Bxe4 h6 11. Bc2 e5 12. Re1 Bb4 13. Bd2 Bxd2 14. Qxd2 exd4
15. Nxd4 Nf6 16. c5 Qd5 17. Qc3 Bd7 18. Nf3 Rae8 19. Ne5 Be6 20. Rad1 Qxa2 21.
b3 Qa6 22. Ra1 Qb5 23. Ra5 Nd5 24. Rxb5 Nxc3 25. Rxb7 Bd5 26. Rxa7 f6 27. Nd3
Ne2+ 28. Kf1 Nd4 29. Bd1 Bxb3 30. Rd7 Bd5 31. f3 Rxe1+ 32. Kxe1 Rf7 33. Rd8+
Rf8 34. Rd7 Rf7 35. Rd8+ Rf8 36. Rxf8+ Kxf8 37. Kd2 Ke7 38. Kc3 Ne6 39. Kb4 Ba2
40. Nc1 Bd5 41. Nd3 Ba2 42. Nc1 Bd5 43. Bb3 Bxb3 44. Nxb3 Nf4 45. Nd4 Kd7 46.
g3 Nd3+ 47. Kc4 Ne5+ 48. Kb4 Nd3+ 49. Kc4 Ne5+ 50. Kc3 g6 51. h3 Nf7 52. f4 h5
53. Kb4 Nd8 54. f5 g5 55. Ka5 Nf7 56. Kb6 Ne5 57. Kb7 Nd3 58. Kb6 Nb2 59. Ne6
Nc4+ 60. Kb7 Na5+ 61. Ka6 Nc4 62. h4 gxh4 63. gxh4 Ne3 64. Ng7 Ng2 65. Nxh5
Nxh4 66. Nxf6+ Kc8 67. Kb6 Nxf5 68. Kxc6 Nd4+ 69. Kd6 Nb3 70. c6 Nd4 1/2-1/2

[Event "Open Parla 2008"]
[Site "Parla ESP"]
[Date "2008.09.12"]
[Round "7.6"]
[White "Diamant, Andre"]
[Black "Vera Gonzalez-Quevedo, Reynaldo"]
[Result "1-0"]
[WhiteElo "2393"]
[BlackElo "2493"]
[PlyCount "85"]
[EventDate "2008.09.06"]
[EventType "swiss"]
[EventRounds "9"]
[EventCountry "AUT"]
[Source "lmi"]
[SourceDate "2008.09.06"]

1. e4 c5 2. Nf3 d6 3. d4 cxd4 4. Nxd4 Nf6 5. Nc3 Nc6 6. Bg5 e6 7. Qd2 Be7 8.
O-O-O Nxd4 9. Qxd4 a6 10. f4 b5 11. Bxf6 gxf6 12. Be2 Qc7 13. Bh5 Rb8 14. f5 b4
15. Ne2 e5 16. Qd3 a5 17. Kb1 a4 18. Ng3 Rg8 19. Nf1 a3 20. Ne3 axb2 21. Qb3
Rg7 22. Nd5 Qa7 23. Rd3 Bb7 24. Nxe7 Kxe7 25. Rg3 Rxg3 26. Qxf7+ Kd8 27. Qxf6+
Kc7 28. Qe7+ Kc6 29. Be8+ Rxe8 30. Qxe8+ Kc5 31. hxg3 Bxe4 32. Qc8+ Kb5 33. Qe6
Qf2 34. Qb3 Qxg2 35. Rd1 Kc5 36. a3 bxa3 37. Qxa3+ Kc4 38. Qa6+ Kc3 39. Qa3+
Kc4 40. Qb3+ Kc5 41. Qc3+ Kb5 42. f6 d5 43. f7 1-0

[Event "Open Parla 2008"]
[Site "Parla ESP"]
[Date "2008.09.12"]
[Round "7.7"]
[White "Di Berardino, Diego Rafael"]
[Black "Gago Padreny, Ignacio"]
[Result "1-0"]
[WhiteElo "2471"]
[BlackElo "2169"]
[PlyCount "81"]
[EventDate "2008.09.06"]
[EventType "swiss"]
[EventRounds "9"]
[EventCountry "AUT"]
[Source "lmi"]
[SourceDate "2008.09.06"]

1. e4 c5 2. Nf3 d6 3. d4 cxd4 4. Nxd4 Nf6 5. Nc3 a6 6. Be3 e5 7. Nb3 Be6 8. f3
Nbd7 9. g4 b5 10. g5 b4 11. Ne2 Nh5 12. Qd2 a5 13. Ng3 Nxg3 14. hxg3 a4 15. Nc1
Qa5 16. Nd3 d5 17. exd5 Qxd5 18. Bg2 Qb5 19. Rh4 Rb8 20. Kf2 Nb6 21. Rd1 Be7
22. b3 axb3 23. axb3 Nd5 24. Bf1 Qa5 25. Kg2 Rc8 26. Bf2 h6 27. Nxe5 O-O 28.
Nc4 Qc7 29. f4 Nc3 30. Re1 Rcd8 31. Bd3 Bd5+ 32. Kg1 Rfe8 33. Qe3 Bc6 34. Ne5
Bd5 35. Rh5 g6 36. Rxh6 Bf8 37. Rh2 Bg7 38. g4 Bb7 39. Qh3 Nd5 40. Qh7+ Kf8 41.
Bd4 1-0